000 00516cam a22002171 4500
001 ne 63000876
003 DLC
005 20260227111744.0
008 890515q19601963xx 000 0 ara
010 _ane 63000876
035 _a(OCoLC)23505677
040 _aDLC
_cMiU
_dDLC
042 _apremarc
050 0 0 _aBS580.A3
_bS3
100 1 _aSaʻīd, Ḥabīb.
245 1 0 _aKhalīl Allāh.
260 _c[196-]
300 _a116 p.
_c20 cm.
500 _aRomanized.
600 0 0 _aAbraham
_c(Biblical patriarch)
999 _c45827
_d45827